El Conquistador (Registo nº 202139)

Detalhes MARC
000 -Etiqueta do registo
Valores 00689nam 22002413 4500
010 ## - Número ISBN
ISBN 84-8310-033-9
021 ## - Número do Depósito Legal
Código do país Espanha
Número 26.072-1997
100 ## - Dados gerais de processamento
Dados gerais 20230112d u||y0pory50 ba
200 ## - Titulo e menção de responsabilidade
Título próprio El Conquistador
Primeira menção de responsabilidade Almeida Faria
Outras menções de responsabilidade traducción de Basilio Losada
205 ## - Menção da edição
Edição
210 ## - Publicação
Local de publicação Barcelona
Nome do editor TusQuers
Data de publicação 1997
215 ## - Descrição física 
Paginação / Volumes 146, [5] p.
Outras indicações físicas brochado
Dimensões 21 cm
225 ## - Colecção 
Título próprio da colecção Andanza
Indicação de volume 312
606 ## - Nome comum usado como assunto
Palavra de ordem Literatura Portuguesa
ID Autoridade 6
610 ## - Termos não controlados
Palavra de ordem Em Língua Espanhola
675 ## - CDU
Notação 821.134.3-3
Edição ES
Língua esp
700 ## - Autor principal (pessoa individual)
ID Autoridade 1040
Apelido Faria
Nome Almeida
Datas 1943-
702 ## - Autor secundário (pessoa individual)
ID Autoridade 17288
Apelido Losada
Nome Basilio
801 ## - Fonte de origem
País PT
Agência BMMN
Regras de catalogação RPC
830 ## - Notas gerais do catalogador
Criado por Ana Falardo
Indexado por Ana Falardo
990 ## - Elementos KOHA
Tipo de documento Livro
Exemplares
Situação do levantamento Biblioteca de origem Código de barras Cota Permissão de empréstimo Tipo de documento Nota relativa ao exemplar Forma de aquisição
  Biblioteca Municipal de Montemor-o-Novo 31564 821.134.3-3 FAR|SAF   Livro Acesso Condicionado Oferta

Powered by Koha